| 000 | 00631 a2200181 4500 | ||
|---|---|---|---|
| 020 | _a1560329920 | ||
| 020 | _a9781560329923 | ||
| 082 | _a620.11296 | ||
| 090 |
_c1186 _d1186 |
||
| 100 | 1 | _aGaskell, David R. | |
| 245 | 1 | 0 |
_aIntroduction to the thermodynamics of materials, 4th edition / _cDavid R. Gaskell. |
| 250 | _a4th ed. | ||
| 260 |
_a[S.l.] : _bTaylor & Francis, _c2003. |
||
| 300 |
_a640 p. ; _c24 cm. |
||
| 700 | _aGaskell, David R. | ||
| 942 |
_aSNS _cBK _k620.11296 GAS |
||
| 999 |
_c29799 _d29799 |
||